[Event "World Rapid 2025"]
[Site "Doha QAT"]
[Date "2025.12.26"]
[Round "5.34"]
[White "Kosakowski, Jakub"]
[Black "Jobava, Baadur"]
[Result "1-0"]
[WhiteTitle "GM"]
[BlackTitle "GM"]
[WhiteElo "2549"]
[BlackElo "2568"]
[WhiteFideId "1185080"]
[BlackFideId "13601520"]
[EventDate "2025.12.26"]
[EventType "rapid"]

1. e4 e6 2. d4 d5 3. Nd2 Bd7 4. Ngf3 dxe4 5. Nxe4 Bc6 6. Bd3 Nd7 7. O-O Ngf6 8.
Nc3 Be7 9. Re1 O-O 10. Ne5 Bd5 11. Nxd5 exd5 12. Bg5 c6 13. Qf3 Re8 14. Re3 Nf8
15. Rae1 Qd6 16. c3 Ng6 17. Nxg6 hxg6 18. Bxf6 gxf6 19. h4 Qd7 20. h5 f5 21.
hxg6 fxg6 22. Bxf5 gxf5 23. Qh5 Kf8 24. Re6 c5 25. Qxf5+ 1-0

[Event "World Rapid 2025"]
[Site "Doha QAT"]
[Date "2025.12.26"]
[Round "5.35"]
[White "Keymer, Vincent"]
[Black "Le, Tuan Minh"]
[Result "0-1"]
[WhiteTitle "GM"]
[BlackTitle "GM"]
[WhiteElo "2776"]
[BlackElo "2598"]
[WhiteFideId "12940690"]
[BlackFideId "12401153"]
[EventDate "2025.12.26"]
[EventType "rapid"]

1. c4 e6 2. Nc3 d5 3. d4 h6 4. cxd5 exd5 5. Bf4 Nf6 6. e3 Bd6 7. Bxd6 Qxd6 8.
Qc2 c6 9. Bd3 O-O 10. Nf3 Nbd7 11. h3 Re8 12. O-O-O b5 13. Kb1 a5 14. g4 b4 15.
Na4 Ne4 16. Rc1 Qf6 17. Qe2 Qxf3 18. Qxf3 Nd2+ 19. Ka1 Nxf3 20. Rxc6 Nf6 21. Nc5
Ng5 22. Bb5 Re7 23. a4 bxa3 24. bxa3 Nge4 25. Rc1 Nxf2 26. Nd3 Bd7 27. Nxf2 Bxc6
28. Rxc6 Rxe3 29. Nd3 Rb8 30. a4 Rxb5 31. axb5 Rxd3 32. Ka2 Rxd4 0-1

[Event "World Rapid 2025"]
[Site "Doha QAT"]
[Date "2025.12.26"]
[Round "5.36"]
[White "Dudin, Gleb"]
[Black "Ivanchuk, Vasyl"]
[Result "1/2-1/2"]
[WhiteTitle "GM"]
[BlackTitle "GM"]
[WhiteElo "2585"]
[BlackElo "2607"]
[WhiteFideId "34184934"]
[BlackFideId "14100010"]
[EventDate "2025.12.26"]
[EventType "rapid"]

1. c4 g6 2. d4 Nf6 3. Nc3 Bg7 4. e4 d6 5. Be2 O-O 6. Be3 c5 7. d5 e6 8. Nf3 exd5
9. cxd5 Bg4 10. Nd2 Bxe2 11. Qxe2 Nbd7 12. O-O Re8 13. a4 a6 14. h3 Qe7 15. a5
Rab8 16. Qd3 h5 17. Ra4 Ne5 18. Qc2 b5 19. axb6 Rxb6 20. f4 Ned7 21. e5 Bh6 22.
Nc4 dxe5 23. Nxb6 Nxb6 24. Rxa6 Qb7 25. Rfa1 Nbxd5 26. Nxd5 Nxd5 27. Qe4 Rb8 28.
Ra7 Qb3 29. R7a3 Qb7 30. Bxc5 Bxf4 31. Rd1 Nf6 32. Qxb7 Rxb7 33. b4 Ne4 34. Ra8+
Kg7 35. Rc8 Nxc5 36. bxc5 Rb2 37. Rd7 e4 38. Kf1 e3 39. Re8 Rc2 40. Ree7 Kh6 41.
g3 Bxg3 42. Rxe3 Bf2 43. Re2 Rxe2 44. Kxe2 Bxc5 45. Rxf7 1/2-1/2

[Event "World Rapid 2025"]
[Site "Doha QAT"]
[Date "2025.12.26"]
[Round "5.37"]
[White "Tin, Jingyao"]
[Black "Svane, Rasmus"]
[Result "1/2-1/2"]
[WhiteTitle "GM"]
[BlackTitle "GM"]
[WhiteElo "2584"]
[BlackElo "2608"]
[WhiteFideId "5804418"]
[BlackFideId "4657101"]
[EventDate "2025.12.26"]
[EventType "rapid"]

1. d4 Nf6 2. c4 e6 3. Nc3 Bb4 4. Qc2 O-O 5. Nf3 c5 6. dxc5 Na6 7. e3 Nxc5 8. Bd2
b6 9. a3 Bxc3 10. Bxc3 Bb7 11. Be2 d5 12. O-O Rc8 13. Bd4 Ncd7 14. Qa4 Qc7 15.
cxd5 Bxd5 16. Ba6 Bc6 17. Qb4 Bb7 18. Bxb7 Qxb7 19. Rac1 h6 20. Bxf6 Nxf6 21. h3
Rxc1 22. Rxc1 Rc8 23. Rc4 1/2-1/2

[Event "World Rapid 2025"]
[Site "Doha QAT"]
[Date "2025.12.26"]
[Round "5.38"]
[White "Lu, Shanglei"]
[Black "Sanal, Vahap"]
[Result "1-0"]
[WhiteTitle "GM"]
[BlackTitle "GM"]
[WhiteElo "2643"]
[BlackElo "2546"]
[WhiteFideId "8603332"]
[BlackFideId "6300545"]
[EventDate "2025.12.26"]
[EventType "rapid"]

1. e4 e5 2. Nf3 Nc6 3. d4 exd4 4. Nxd4 Nf6 5. Nxc6 bxc6 6. Qe2 d6 7. Nc3 Be7 8.
b3 d5 9. Bb2 O-O 10. O-O-O Re8 11. f3 Bd6 12. Kb1 a5 13. Qd2 dxe4 14. fxe4 Qe7
15. Bd3 Be5 16. Na4 Bg4 17. Bxe5 Qxe5 18. Rde1 Be6 19. Qc3 Qxc3 20. Nxc3 Ng4 21.
Be2 Ne5 22. Na4 Reb8 23. Rd1 Kf8 24. Rd4 Nd7 25. Rhd1 Ke7 26. Kb2 Rd8 27. Kc3
Rab8 28. a3 f6 29. Nb2 c5 30. R4d2 Nb6 31. Rxd8 Rxd8 32. Rxd8 Kxd8 33. Nd3 c4
34. Nc5 Ke7 35. b4 a4 36. Kd4 Bf7 37. c3 Kd6 38. h4 h5 39. Nb7+ Ke7 40. Na5 g5
41. g3 Nd7 42. Nxc4 Bxc4 43. Kxc4 g4 44. Kd5 Ne5 45. c4 Nf3 46. c5 Ne1 47. Bd1
Nd3 48. Bxa4 Nf4+ 49. Kc6 Ne2 50. b5 Kd8 51. Kb7 Nxg3 52. b6 cxb6 53. cxb6 Nxe4
54. Bc2 Nd2 55. Ka7 1-0

[Event "World Rapid 2025"]
[Site "Doha QAT"]
[Date "2025.12.26"]
[Round "5.39"]
[White "Alekseenko, Kirill"]
[Black "Gurel, Ediz"]
[Result "0-1"]
[WhiteTitle "GM"]
[BlackTitle "GM"]
[WhiteElo "2659"]
[BlackElo "2645"]
[WhiteFideId "4135539"]
[BlackFideId "44507356"]
[EventDate "2025.12.26"]
[EventType "rapid"]

1. e4 c5 2. Nf3 e6 3. Nc3 Nc6 4. h3 a6 5. d4 cxd4 6. Nxd4 Qc7 7. Nxc6 bxc6 8.
Bd3 d5 9. O-O Nf6 10. Re1 Bd6 11. Qe2 Bh2+ 12. Kh1 Bf4 13. e5 Bxc1 14. Raxc1 Nd7
15. Na4 c5 16. c4 d4 17. b3 Bb7 18. Be4 Bxe4 19. Qxe4 O-O 20. Nb2 a5 21. Re2
Rfd8 22. Rd1 Nb6 23. Rd3 a4 24. Rg3 axb3 25. axb3 Ra3 26. Qh4 Nd7 27. Qe7 Rc8
28. Qg5 g6 29. Re4 Qb7 30. Re1 Rxb3 31. Nd3 Rc3 32. Qe7 Qc7 33. Nf4 Rxg3 34.
fxg3 Qd8 35. Qd6 Nb6 36. Qxd8+ Rxd8 37. Nd3 Nxc4 38. Rc1 Ne3 39. Rxc5 Ra8 40. g4
h6 41. Rc7 Ra1+ 42. Kh2 Ra2 43. Nf4 g5 44. Rc8+ Kh7 45. Nh5 Rxg2+ 46. Kh1 Rf2
47. Rd8 Nd5 48. Kg1 Ra2 49. Rd7 d3 50. Nf6+ Nxf6 51. Rxf7+ Kg8 52. Rxf6 Rc2 0-1

[Event "World Rapid 2025"]
[Site "Doha QAT"]
[Date "2025.12.26"]
[Round "5.40"]
[White "Motylev, Alexander"]
[Black "Daneshvar, Bardiya"]
[Result "1-0"]
[WhiteTitle "GM"]
[BlackTitle "GM"]
[WhiteElo "2573"]
[BlackElo "2600"]
[WhiteFideId "4121830"]
[BlackFideId "12576468"]
[EventDate "2025.12.26"]
[EventType "rapid"]

1. d4 Nf6 2. g3 c5 3. d5 b5 4. a4 b4 5. Bg2 d6 6. c4 bxc3 7. bxc3 g6 8. Nf3 Bg7
9. a5 O-O 10. O-O Ba6 11. Re1 Nbd7 12. h3 Rb8 13. Nfd2 Qc7 14. Na3 Qxa5 15. Nc2
Qb6 16. Ne3 Ra8 17. Ndc4 Bxc4 18. Nxc4 Qc7 19. Na5 Nb6 20. Ra2 c4 21. Be3 Nfd7
22. Qd2 Nc5 23. Bxc5 Qxc5 24. Nc6 a5 25. Nxe7+ Kh8 26. Nc6 a4 27. Rb1 a3 28. e3
Na4 29. Nd4 Rfb8 30. Rba1 Rb2 31. Qc1 Rxa2 32. Rxa2 Nb6 33. Nc2 Bxc3 34. Rxa3
Na4 35. Qb1 Bb2 36. Rxa4 Rxa4 37. Qxb2+ c3 38. Qb3 Ra6 39. Bf1 Rb6 40. Qc4 Rb2
41. Qe4 Kg8 42. Bd3 Rb1+ 43. Kg2 Rd1 44. g4 Kf8 45. g5 Qb6 46. Nd4 Rd2 47. Nc6
Qc5 48. Qe7+ Kg7 49. Qf6+ Kg8 50. Ne7+ Kf8 51. Be4 Qb4 52. Kf3 Rxf2+ 53. Kxf2
Qxe4 54. Nc6 Kg8 55. Qd8+ Kg7 56. Qf6+ Kg8 57. Qxc3 Qf5+ 58. Ke1 Qxg5 59. Qd4
Qg3+ 60. Kd2 Qxh3 61. Qf6 Qg2+ 62. Kc3 Qg3 63. Kd3 Qg4 64. Qxd6 Qd1+ 65. Ke4
Qc2+ 66. Kd4 Qd2+ 67. Kc4 Qe2+ 68. Kb4 h5 69. Qe5 h4 70. d6 Qd2+ 71. Kc4 h3 72.
Ne7+ Kh7 73. Nd5 Qc2+ 74. Kb4 Qd2+ 75. Kb5 Qd3+ 76. Kb6 Qb3+ 77. Kc7 Qc4+ 78.
Kd7 Qh4 79. Ke8 h2 80. Nf6+ Kh8 81. Ng4+ f6 82. Qxh2 1-0

[Event "World Rapid 2025"]
[Site "Doha QAT"]
[Date "2025.12.26"]
[Round "5.41"]
[White "Chigaev, Maksim"]
[Black "Vakhidov, Jakhongir"]
[Result "1-0"]
[WhiteTitle "GM"]
[BlackTitle "GM"]
[WhiteElo "2626"]
[BlackElo "2516"]
[WhiteFideId "4108116"]
[BlackFideId "14201801"]
[EventDate "2025.12.26"]
[EventType "rapid"]

1. e4 c5 2. d4 cxd4 3. Qxd4 Nc6 4. Qd3 Nf6 5. Nc3 g6 6. Nf3 Bg7 7. Be2 O-O 8.
O-O d6 9. Nd5 Nd7 10. c3 Nc5 11. Qc2 e6 12. Ne3 f5 13. exf5 gxf5 14. Rd1 Ne4 15.
g3 Kh8 16. Ng2 e5 17. b4 Be6 18. a3 Rc8 19. c4 Qe7 20. Bb2 b5 21. c5 dxc5 22.
bxc5 Nxc5 23. Bxb5 Bb3 24. Qe2 Bxd1 25. Rxd1 e4 26. Bxc6 Rxc6 27. Nf4 Ne6 28.
Ne5 Nxf4 29. gxf4 Rb6 30. Bc3 Rh6 31. Qc4 Qe6 32. Nf7+ 1-0

[Event "World Rapid 2025"]
[Site "Doha QAT"]
[Date "2025.12.26"]
[Round "5.42"]
[White "Madaminov, Mukhiddin"]
[Black "Pranav, V"]
[Result "1-0"]
[WhiteTitle "GM"]
[BlackTitle "GM"]
[WhiteElo "2552"]
[BlackElo "2641"]
[WhiteFideId "14210703"]
[BlackFideId "25060783"]
[EventDate "2025.12.26"]
[EventType "rapid"]

1. e4 e5 2. Nf3 Nc6 3. Bb5 a6 4. Ba4 Nf6 5. O-O Be7 6. d3 b5 7. Bb3 d6 8. Bd2
O-O 9. a4 Bg4 10. Be3 Na5 11. Ba2 b4 12. Nbd2 c5 13. h3 Be6 14. Bxe6 fxe6 15. c3
Rb8 16. Qc2 Qc8 17. Rfc1 bxc3 18. bxc3 c4 19. Rcb1 Qc7 20. Ng5 Rxb1+ 21. Rxb1
Qc8 22. Bb6 Nc6 23. Nxc4 d5 24. Ne3 h6 25. Nf3 Qd7 26. Ng4 Nxg4 27. hxg4 Rf4 28.
Nh2 Rf8 29. Be3 Rc8 30. Qe2 d4 31. cxd4 Nxd4 32. Bxd4 Qxd4 33. Qa2 Qd6 34. Qb3
Kh7 35. Nf3 Bf6 36. g3 Rf8 37. Kg2 Rd8 38. Rh1 Kg6 39. Rd1 Kh7 40. Qc2 Kg8 41.
Qc4 Kh7 42. Rh1 Kg6 43. Rh5 Kf7 44. d4 Qb6 45. dxe5 Be7 46. Rh1 a5 47. Rc1 Qb2
48. Rc2 Qb4 49. Rc3 Rd1 50. Rc2 Qb1 51. Qa2 Qb4 52. Rc6 Qxe4 53. Qxe6+ Kf8 54.
Rc7 Qb4 55. Rc8+ Bd8 56. Rc4 1-0

[Event "World Rapid 2025"]
[Site "Doha QAT"]
[Date "2025.12.26"]
[Round "5.43"]
[White "Amin, Bassem"]
[Black "Amar, Elham"]
[Result "1/2-1/2"]
[WhiteTitle "GM"]
[BlackTitle "GM"]
[WhiteElo "2626"]
[BlackElo "2592"]
[WhiteFideId "10601457"]
[BlackFideId "1533533"]
[EventDate "2025.12.26"]
[EventType "rapid"]

1. Nf3 Nf6 2. g3 b6 3. Bg2 Bb7 4. O-O e6 5. d3 d5 6. Nbd2 c5 7. e4 Be7 8. Re1
Nc6 9. c3 d4 10. e5 dxc3 11. bxc3 Nd5 12. Ne4 Qd7 13. Bg5 O-O 14. Qd2 Rad8 15.
Rad1 Kh8 16. a3 Qc7 17. Bxe7 Qxe7 18. h4 Ba6 19. c4 Nc7 20. Qf4 Nd4 21. h5 f5
22. Neg5 Nxf3+ 23. Nxf3 Bb7 24. Qg5 Rf7 25. Qxe7 Rxe7 26. Ng5 Bxg2 27. Kxg2 Red7
28. Re3 Kg8 29. Kf1 Re7 30. Re2 Na6 31. Red2 h6 32. Nh3 Nb8 33. Nf4 Nc6 34. Re1
Nd4 35. Kg2 Kf7 36. Rb2 Red7 37. f3 Nc6 1/2-1/2

[Event "World Rapid 2025"]
[Site "Doha QAT"]
[Date "2025.12.26"]
[Round "5.44"]
[White "Henriquez Villagra, Cristobal"]
[Black "Christiansen, Johan-Sebastian"]
[Result "1-0"]
[WhiteTitle "GM"]
[BlackTitle "GM"]
[WhiteElo "2598"]
[BlackElo "2655"]
[WhiteFideId "3409350"]
[BlackFideId "1512668"]
[EventDate "2025.12.26"]
[EventType "rapid"]

1. Nf3 Nf6 2. g3 d6 3. d4 g6 4. Bg2 Bg7 5. O-O O-O 6. Nc3 Nc6 7. d5 Nb4 8. e4 a5
9. h3 e6 10. Bg5 h6 11. Be3 exd5 12. exd5 Re8 13. a3 Na6 14. Qd2 Kh7 15. Rfe1
Bf5 16. Bd4 Nc5 17. Rxe8 Qxe8 18. Re1 Qf8 19. g4 Bd7 20. Qf4 Qd8 21. g5 Nh5 22.
Qxf7 Qf8 23. Qxf8 Rxf8 24. Re7 Re8 25. Rxe8 Bxe8 26. h4 Nf4 27. Bxg7 Kxg7 28.
Nd4 Bd7 29. Kh2 hxg5 30. hxg5 Kf7 31. Kg3 Nh5+ 32. Kf3 Ke7 33. Ke3 Ng7 34. Be4
Kf7 35. b3 Nh5 36. f3 Ng7 37. Ncb5 Na6 38. Nc3 Nc5 39. Nce2 Nh5 40. Nf4 Nxf4 41.
Kxf4 Be8 42. Ke3 Ke7 43. Ne2 Nd7 44. Nf4 Ne5 45. Nd3 Nd7 46. Kd4 Bf7 47. c3 Be8
48. b4 axb4 49. cxb4 b5 50. Nb2 Nb6 51. Nd1 Nc8 52. Nc3 Kf7 53. Bd3 Na7 54. Ne2
Kg7 55. Ke4 c5 56. dxc6 Bxc6+ 57. Ke3 Be8 58. Nd4 Kf7 59. f4 Ke7 60. Nf3 Kf7 61.
Nh4 Kg7 62. f5 Nc8 63. f6+ Kh7 64. Kd4 Nb6 65. Ng2 Bc6 66. Nf4 Be8 67. Nd5 Na8
68. Be4 Bf7 69. Bf3 Be8 70. Bg4 Bc6 71. Be6 Bb7 72. Bd7 1-0

[Event "World Rapid 2025"]
[Site "Doha QAT"]
[Date "2025.12.26"]
[Round "5.45"]
[White "Iniyan, Pa"]
[Black "Donchenko, Alexander"]
[Result "1/2-1/2"]
[WhiteTitle "GM"]
[BlackTitle "GM"]
[WhiteElo "2598"]
[BlackElo "2661"]
[WhiteFideId "25002767"]
[BlackFideId "24603295"]
[EventDate "2025.12.26"]
[EventType "rapid"]

1. d4 Nf6 2. c4 e6 3. Nf3 b6 4. g3 Ba6 5. b3 Bb4+ 6. Bd2 Be7 7. Nc3 d5 8. cxd5
exd5 9. Bg2 O-O 10. O-O Nbd7 11. Ne5 Bb7 12. Bf4 Re8 13. Rc1 Nf8 14. Qd3 Ne6 15.
Be3 a6 16. g4 c5 17. g5 cxd4 18. Bxd4 Nxd4 19. Qxd4 Bc5 20. Qf4 Bd6 21. gxf6
Bxe5 22. Qf3 Bxf6 23. Nxd5 Be5 24. Rfd1 Qg5 25. e3 h5 26. Nf6+ Bxf6 27. Qxb7 h4
28. h3 Rab8 29. Qxa6 Ra8 30. Qe2 Ra5 31. a4 Be5 32. b4 Rxa4 33. f4 Bxf4 34. exf4
Rxe2 35. fxg5 Rxb4 36. Rd8+ Kh7 37. Bf1 Re5 38. Bd3+ g6 39. Rf1 Rxg5+ 40. Kh1 f5
41. Rf3 Ra4 42. Rd6 Ra1+ 43. Rf1 Ra2 44. Rg1 Rg3 45. Rxg3 hxg3 46. Rxb6 Rd2 47.
Rb3 f4 48. Be4 Re2 49. Bf3 Rf2 50. Kg1 Kh6 51. h4 Rh2 52. Rb6 Rf2 53. Be4 Kh5
54. Rxg6 Kxh4 55. Rh6+ Kg4 56. Rg6+ Kh4 1/2-1/2

[Event "World Rapid 2025"]
[Site "Doha QAT"]
[Date "2025.12.26"]
[Round "5.46"]
[White "Theodorou, Nikolas"]
[Black "Erdogmus, Yagiz Kaan"]
[Result "0-1"]
[WhiteTitle "GM"]
[BlackTitle "GM"]
[WhiteElo "2652"]
[BlackElo "2658"]
[WhiteFideId "4262875"]
[BlackFideId "44599790"]
[EventDate "2025.12.26"]
[EventType "rapid"]

1. Nf3 Nf6 2. g3 c5 3. Bg2 Nc6 4. O-O e5 5. d3 d5 6. e4 d4 7. a4 Be7 8. Na3 Be6
9. Ng5 Bg4 10. f3 Bh5 11. Nc4 Nd7 12. Nh3 O-O 13. Bd2 f6 14. Nf2 b6 15. h4 a6
16. Bh3 Rb8 17. Bg4 Bf7 18. f4 Qc7 19. Bh5 g6 20. Bf3 Kh8 21. Ng4 Bxc4 22. dxc4
exf4 23. gxf4 f5 24. Nf2 Bxh4 25. Nd3 fxe4 26. Bxe4 Rbe8 27. Bg2 Nf6 28. Qf3 Ne4
29. Be1 Bd8 30. Qh3 Nd6 31. Qh1 Na5 32. Ne5 Kg7 33. Bd5 Nf5 34. Ra3 Ne3 35. Rf2
Naxc4 36. Bxc4 Nxc4 37. Rh3 Rh8 38. Rfh2 h5 39. Bg3 Nxe5 40. fxe5 Qf7 41. Rf2
Qe6 42. Bf4 Ref8 43. Rg3 h4 44. Rgf3 Qg4+ 45. Rg2 Qe6 46. Rgf2 Rf5 47. Bd2 Rhf8
48. Rxf5 Rxf5 49. Rxf5 gxf5 50. Qb7+ Kg6 51. Bf4 a5 52. Kf2 c4 53. Qg2+ Kf7 54.
Qf3 Be7 55. Qh5+ Kg7 56. Bg5 Qxe5 57. Qh6+ Kf7 58. Bf4 Qe4 59. Bd2 h3 60. Qxh3
Qh4+ 61. Qxh4 Bxh4+ 62. Kf3 Ke6 63. Bf4 Be7 64. Bc7 Bc5 65. Bd8 Kd5 66. Bf6 d3
67. cxd3 cxd3 68. b3 f4 0-1

[Event "World Rapid 2025"]
[Site "Doha QAT"]
[Date "2025.12.26"]
[Round "5.47"]
[White "Pichot, Alan"]
[Black "Begmuratov, Khumoyun"]
[Result "1-0"]
[WhiteTitle "GM"]
[BlackTitle "IM"]
[WhiteElo "2597"]
[BlackElo "2451"]
[WhiteFideId "110973"]
[BlackFideId "14210207"]
[EventDate "2025.12.26"]
[EventType "rapid"]

1. e4 e5 2. Nf3 Nc6 3. Bc4 d6 4. O-O Bg4 5. c3 Nf6 6. d3 Qd7 7. a4 Be7 8. Re1
Bh5 9. b4 a6 10. Qb3 O-O 11. Nbd2 h6 12. Nh4 Nh7 13. Nf5 Bg5 14. Nf1 Bxc1 15.
Raxc1 Nf6 16. N1e3 Bg6 17. Qa2 Ne7 18. Nxe7+ Qxe7 19. Rf1 c6 20. a5 Rad8 21.
Rcd1 Qc7 22. Bb3 d5 23. f3 d4 24. cxd4 Rxd4 25. Nc2 Rd7 26. Qb2 Rfd8 27. Qc3 c5
28. bxc5 Rc8 29. c6 bxc6 30. Qc5 Rdd8 31. Bc4 Nd7 32. Qa3 Rb8 33. Kh1 Kh7 34.
Ra1 f6 35. Bxa6 Bf7 36. Qe7 Kg8 37. Bc4 Bxc4 38. dxc4 Re8 39. Qa3 Qa7 40. Rfd1
Qf2 41. Ne3 Red8 42. Ra2 Qh4 43. Rad2 Nf8 44. g3 Qh5 45. Rxd8 Qxf3+ 46. Kg1 Kh7
47. Rxb8 Ne6 48. Rf1 Qxe4 49. Ng2 1-0

[Event "World Rapid 2025"]
[Site "Doha QAT"]
[Date "2025.12.26"]
[Round "5.48"]
[White "Nainys, Zanas"]
[Black "Bai, Jinshi"]
[Result "1/2-1/2"]
[BlackTitle "GM"]
[WhiteElo "2307"]
[BlackElo "2599"]
[WhiteFideId "12844098"]
[BlackFideId "8602280"]
[EventDate "2025.12.26"]
[EventType "rapid"]

1. d4 d5 2. c4 e6 3. Nc3 h6 4. Nf3 Nf6 5. e3 a6 6. a3 c5 7. dxc5 Bxc5 8. b4 Be7
9. Bb2 O-O 10. cxd5 Nxd5 11. Nxd5 exd5 12. Be2 Bf6 13. Bxf6 Qxf6 14. O-O Rd8 15.
Nd4 Nc6 16. Nxc6 bxc6 17. Qd2 a5 18. bxa5 c5 19. Rac1 c4 20. Rfd1 Be6 21. Bf3
Qe7 22. Qb4 Qa7 23. h4 Rd7 24. Rd4 Qxa5 25. Qxa5 Rxa5 26. e4 dxe4 27. Rxd7 Bxd7
28. Bxe4 Be6 29. Rc3 g5 30. hxg5 hxg5 31. Kf1 Kg7 32. Bc2 Kf6 33. Re3 Ke7 34.
Ke1 Kd6 35. Kd2 Kd5 36. g3 g4 37. a4 Bd7 38. Kc3 Ra6 39. Kb4 Rb6+ 40. Kc3 Rf6
41. Re2 Kc5 42. Re5+ Kd6 43. Re2 Kc5 44. Re5+ Kd6 45. Re2 Kc5 46. Re5+ 1/2-1/2

[Event "World Rapid 2025"]
[Site "Doha QAT"]
[Date "2025.12.26"]
[Round "5.49"]
[White "Bjerre, Jonas Buhl"]
[Black "Siddharth, Jagadeesh"]
[Result "1/2-1/2"]
[WhiteTitle "GM"]
[BlackTitle "GM"]
[WhiteElo "2623"]
[BlackElo "2489"]
[WhiteFideId "1444948"]
[BlackFideId "5818320"]
[EventDate "2025.12.26"]
[EventType "rapid"]

1. e4 d6 2. d4 Nf6 3. Nc3 e5 4. Nf3 Nbd7 5. Be2 Be7 6. O-O O-O 7. a4 c6 8. a5
exd4 9. Nxd4 Nc5 10. f3 d5 11. e5 Ne8 12. a6 Qc7 13. axb7 Bxb7 14. Bf4 Qd7 15.
Bg3 f6 16. f4 f5 17. Bf2 Nc7 18. Qd2 N5e6 19. Nb3 g5 20. Na5 Bc8 21. fxg5 Bxg5
22. Qe1 Kh8 23. Bh4 Qe7 24. Bxg5 Nxg5 25. Kh1 Bd7 26. Qh4 Nce6 27. Bd3 Nc5 28.
e6 Ncxe6 29. Bxf5 Rf7 30. Bxe6 Nxe6 31. Qxe7 Rxe7 32. Nb3 Kg7 33. Ra5 Be8 34.
Re1 Kf8 35. Rf1+ Kg7 36. Re1 Kf8 37. Rf1+ 1/2-1/2

[Event "World Rapid 2025"]
[Site "Doha QAT"]
[Date "2025.12.26"]
[Round "5.50"]
[White "Sklokin, Sergey"]
[Black "Paravyan, David"]
[Result "1/2-1/2"]
[WhiteTitle "FM"]
[BlackTitle "GM"]
[WhiteElo "2407"]
[BlackElo "2582"]
[WhiteFideId "55730230"]
[BlackFideId "4194985"]
[EventDate "2025.12.26"]
[EventType "rapid"]

1. e4 e5 2. Nf3 Nf6 3. Nxe5 d6 4. Nf3 Nxe4 5. Nc3 Nxc3 6. dxc3 Be7 7. Bf4 O-O 8.
Qd2 Nd7 9. O-O-O Re8 10. h4 h6 11. Bc4 Nb6 12. Bd3 Bf8 13. Rde1 c5 14. Rxe8 Qxe8
15. Qe2 Bd7 16. Qxe8 Rxe8 17. Re1 Rxe1+ 18. Nxe1 Be7 19. g3 g5 20. hxg5 hxg5 21.
Bd2 Bc6 22. c4 d5 23. cxd5 Bxd5 24. b3 c4 25. Bf5 Bc5 26. Be3 Bxe3+ 27. fxe3 Bc6
28. Kd2 a5 29. e4 cxb3 30. cxb3 Nd7 31. Bxd7 Bxd7 32. Ke3 f6 33. a3 Kf7 34. b4
axb4 35. axb4 Ke6 36. Nd3 b6 37. Kd4 Bb5 38. Ne1 Bc6 39. Nc2 f5 40. exf5+ Kxf5
41. Ne3+ 1/2-1/2

[Event "World Rapid 2025"]
[Site "Doha QAT"]
[Date "2025.12.26"]
[Round "5.51"]
[White "Quparadze, Giga"]
[Black "Ahmad, Khagan"]
[Result "1/2-1/2"]
[WhiteTitle "GM"]
[BlackTitle "IM"]
[WhiteElo "2502"]
[BlackElo "2472"]
[WhiteFideId "13602250"]
[BlackFideId "13431552"]
[EventDate "2025.12.26"]
[EventType "rapid"]

1. e4 c5 2. Nf3 d6 3. d4 cxd4 4. Nxd4 Nf6 5. Nc3 a6 6. Be3 e5 7. Nb3 Be6 8. Be2
Be7 9. O-O O-O 10. Bf3 Nbd7 11. a4 Rc8 12. a5 h5 13. h3 g6 14. Qd2 Nh7 15. Rfd1
Bg5 16. Be2 Rc6 17. Nc1 Bxe3 18. Qxe3 Qe7 19. Nd3 Ndf6 20. Nb4 Rc5 21. Nd3 Rc6
22. Ra3 Kg7 23. f4 exf4 24. Nxf4 Bc4 25. Bd3 Qe5 26. Ra4 Rfc8 27. Rb4 R8c7 28.
Ra4 h4 29. Qf2 Rc5 30. Re1 Qg5 31. b4 Re5 32. Ra3 Ree7 33. Na4 Qg3 34. Qxg3 hxg3
35. Nb6 Bxd3 36. cxd3 Rc2 37. Raa1 Ng5 38. Re3 Ne6 39. Nxe6+ Rxe6 40. Rxg3 Rb2
41. Rf1 Rxb4 42. Rgf3 Rb5 43. Nd7 Nxd7 44. Rxf7+ Kh6 45. Rxd7 Rxa5 46. Rxb7 d5
47. Rb4 dxe4 48. dxe4 Rae5 49. Re1 a5 50. Ra4 Rf6 51. Re2 Rf7 52. Kh2 Rf1 53.
Re3 Rf7 54. Rd4 Kg7 55. h4 Kh6 56. g4 Rb7 57. Kg3 Rb4 58. g5+ Kg7 59. Rd7+ Kg8
60. Kf3 a4 61. Ra7 Rc4 62. Ra6 Kg7 63. Rf6 Re7 64. Rd6 Rb4 65. Kf4 Rc4 66. Ra6
Rb4 67. Ra5 Rc4 68. Re5 Rf7+ 69. Kg4 Rc1 70. Ra5 Rg1+ 71. Rg3 Rgf1 72. Re3 Rg1+
73. Kh3 Rh1+ 74. Kg2 Rxh4 75. Rxa4 Rg4+ 76. Rg3 Rgf4 77. Kh3 Rf1 78. Raa3 Re7
79. Rae3 Rf4 80. Rg4 Rf1 81. Kg2 Ref7 82. e5 R7f2+ 83. Kg3 Rf8 84. Kg2 R1f2+ 85.
Kh3 Rh8+ 86. Rh4 Rxh4+ 87. Kxh4 Kf7 88. Rd3 Ke6 89. Rd6+ Kxe5 90. Rxg6 Rh2+ 91.
Kg3 Kf5 92. Ra6 Rh1 93. Ra5+ 1/2-1/2

[Event "World Rapid 2025"]
[Site "Doha QAT"]
[Date "2025.12.26"]
[Round "5.52"]
[White "Aronian, Levon"]
[Black "Oro, Faustino"]
[Result "1-0"]
[WhiteTitle "GM"]
[BlackTitle "IM"]
[WhiteElo "2729"]
[BlackElo "2503"]
[WhiteFideId "13300474"]
[BlackFideId "20000197"]
[EventDate "2025.12.26"]
[EventType "rapid"]

1. e4 e5 2. Nf3 Nc6 3. Bb5 a6 4. Ba4 Nf6 5. d3 b5 6. Bb3 Bc5 7. Bg5 d6 8. c3 Bb6
9. Nbd2 Qe7 10. O-O Bd7 11. Re1 O-O 12. Nf1 h6 13. Bh4 g5 14. Bg3 Rae8 15. Ne3
Bxe3 16. Rxe3 Kg7 17. Nd2 h5 18. f3 h4 19. Bf2 Nd8 20. Nf1 Ne6 21. Re1 Nf4 22.
Ne3 Rh8 23. d4 Be6 24. a4 c5 25. Bxe6 fxe6 26. d5 Kg6 27. axb5 axb5 28. dxe6
Qxe6 29. Ra6 Rd8 30. Nf5 c4 31. Qd2 Rh7 32. Be3 Rhd7 33. Bxf4 exf4 34. Nd4 Qe5
35. Nc6 Qc5+ 36. Qf2 Qxf2+ 37. Kxf2 Re8 38. e5 Nd5 39. e6 Rb7 40. Nd4 Ne3 41.
Rxd6 b4 42. cxb4 Rxb4 43. Re2 Rxb2 44. Rxb2 Nd1+ 45. Ke2 Nxb2 46. e7+ Kf7 47.
Nf5 Nd3 48. Rh6 Ne5 49. Nd6+ Kxe7 50. Nxe8 Nf7 51. Rc6 Kxe8 52. Rxc4 Ke7 53. Rc6
Ne5 54. Rh6 Nf7 55. Rg6 Kd7 56. Kd2 h3 57. gxh3 Ne5 58. Rg7+ Ke6 59. Ke2 Kf6 60.
Rg8 Kf5 61. Rb8 Ng6 62. Rb5+ Ne5 63. Rxe5+ Kxe5 64. Kd3 Kd5 65. h4 gxh4 66. h3
Ke5 67. Kc4 Ke6 68. Kd4 Kf5 1-0